000 00220nam a2200097Ia 4500
008 190216s9999||||xx |||||||||||||| ||und||
100 _aKunjunni
245 0 _aKunjunniyude Kavithakal
260 _bNull
942 _cBK
999 _c25436
_d25436